Statistics for Clear Circles on the World Map by Main City #3

Click here to take the quiz!

General Stats

  • This quiz has been taken 321 times
  • The average score is 620 of 1091

Answers on the Map

Answers color-coded by a green-red scale on the quiz's map according to % correct below.
 

Answer Stats

Circle% Correct
2 - New York, Washington
95%
New York
95%
Washington
95%
5 - London, Paris, Amsterdam, Brussels, Luxembourg
94%
Amsterdam
94%
Birmingham
94%
Brussels
94%
London
94%
Luxembourg
94%
Newcastle
94%
2 - Madrid, Lisbon
92%
3 - Madrid, Algiers, Andorra la Vella
92%
Andorra la Vella
92%
Bilbao
92%
Lisbon
92%
Madrid
92%
Peniche
92%
2 - Washington, Atlanta
90%
5 - Paris, Bordeaux, Bern, Luxembourg, Andorra la Vella
90%
6 - Naples, Rome, Tunis, Monaco, San Marino, Vatican City
90%
Bordeaux
90%
Nantes
90%
Naples
90%
Paris
90%
Rome
90%
Vatican City
90%
1 - Los Angeles
89%
1 - Moscow
89%
1 - New York
89%
2 - Copenhagen, Oslo
89%
2 - Toronto, Ottawa
89%
3 - Miami, Havana, Nassau
89%
Boston
89%
Copenhagen
89%
Kharkiv
89%
Los Angeles
89%
Mexicali
89%
Moscow
89%
Nassau
89%
Oslo
89%
Ottawa
89%
Toronto
89%
Val-d'Or
89%
1 - Tokyo
88%
3 - Casablanca, Lisbon, Rabat
88%
5 - Saint Petersburg, Helsinki, Riga, Vilnius, Tallinn
88%
Casablanca
88%
Helsinki
88%
Rabat
88%
Saint Petersburg
88%
Tallinn
88%
Tokyo
88%
3 - Birmingham, Glasgow, Dublin
87%
4 - Stockholm, Helsinki, Riga, Tallinn
87%
5 - Istanbul, Ankara, Athens, Bucharest, Sofia
87%
Ankara
87%
Dublin
87%
Istanbul
87%
Riga
87%
Stockholm
87%
Tampere
87%
Tralee
87%
1 - Cairo
86%
2 - Mexico City, Guatemala City
86%
2 - Shanghai, Taipei
86%
2 - Sydney, Canberra
86%
6 - Johannesburg, Maputo, Bloemfontein, Gaborone, Maseru, Mbabane
86%
Alexandria
86%
Cairo
86%
Canberra
86%
Gaborone
86%
Johannesburg
86%
Luxor
86%
Maputo
86%
Mbabane
86%
Mexico City
86%
Shanghai
86%
1 - Chicago
85%
1 - Delhi
85%
1 - Mexico City
85%
2 - Brasília, Salvador
85%
2 - Buenos Aires, Montevideo
85%
2 - Delhi, Kathmandu
85%
2 - Miami, Nassau
85%
2 - Seoul, Pyongyang
85%
2 - Singapore, Kuala Lumpur
85%
2 - Tehran, Baghdad
85%
6 - The Ruhr, Berlin, Amsterdam, Copenhagen, Prague, Luxembourg
85%
Baghdad
85%
Berlin
85%
Buenos Aires
85%
Chicago
85%
Delhi
85%
Kathmandu
85%
Kuala Lumpur
85%
Lahore
85%
Mar del Plata
85%
Miami
85%
Milwaukee
85%
Montevideo
85%
Prague
85%
Pyongyang
85%
Saint Louis
85%
Salvador
85%
Seoul
85%
The Ruhr
85%
1 - Beijing
84%
1 - Reykjavik
84%
2 - Bogotá, Panama City
84%
3 - Tunis, Tripoli, Valletta
84%
5 - Lagos, Accra, Lomé, Cotonou, Porto-Novo
84%
Accra
84%
Beijing
84%
Bogotá
84%
Cotonou
84%
Lagos
84%
Lomé
84%
Porto-Novo
84%
Reykjavik
84%
Tarhuna
84%
Tripoli
84%
Tunis
84%
Valletta
84%
1 - Cape Town
83%
1 - Lima
83%
2 - Guangzhou, Taipei
83%
2 - São Paulo, Asunción
83%
3 - Kiev, Minsk, Vilnius
83%
4 - Berlin, Warsaw, Prague, Vilnius
83%
9 - Naples, Athens, Belgrade, Sofia, Sarajevo, Pristina, Skopje, Tirana, Podgorica
83%
Athens
83%
Cape Town
83%
Guangzhou
83%
Kiev
83%
Lima
83%
Minsk
83%
Podgorica
83%
Pristina
83%
Skopje
83%
Sofia
83%
Taipei
83%
Tirana
83%
Vilnius
83%
Warsaw
83%
1 - Algiers
82%
1 - Brasília
82%
1 - Dallas
82%
1 - Sydney
82%
2 - Havana, Mérida
82%
2 - Melbourne, Canberra
82%
2 - Rio de Janeiro, Vitória
82%
2 - Tehran, Ashgabat
82%
3 - Athens, Benghazi, Valletta
82%
3 - Kinshasa, Luanda, Brazzaville
82%
3 - Maracaibo, San José, Panama City
82%
4 - Dubai, Doha, Abu Dhabi, Muscat
82%
4 - Kinshasa, Brazzaville, Libreville, Sao Tome
82%
6 - Lagos, Abuja, Ouagadougou, Cotonou, Niamey, Porto-Novo
82%
Abu Dhabi
82%
Algiers
82%
Bechar
82%
Benghazi
82%
Brasília
82%
Brazzaville
82%
Campo Grande
82%
Dallas
82%
Doha
82%
Dubai
82%
Havana
82%
Kinshasa
82%
Libreville
82%
Linhares
82%
Luanda
82%
Mashhad
82%
Melbourne
82%
Mérida
82%
Muscat
82%
Niamey
82%
Nova Vicosa
82%
Ouagadougou
82%
Panama City
82%
Sao Tome
82%
Sydney
82%
Tamworth
82%
Tehran
82%
Tobruk
82%
Vitória
82%
1 - Seattle
81%
2 - Kinshasa, Brazzaville
81%
3 - Kiev, Bucharest, Chisinau
81%
3 - Riyadh, Kuwait City, Manama
81%
4 - Dubai, Doha, Manama, Abu Dhabi
81%
Bucharest
81%
Chisinau
81%
Kuwait City
81%
Manama
81%
Mbuji-Mayi
81%
Seattle
81%
Vancouver
81%
11 - Milan, Vienna, Prague, Zagreb, Bratislava, Ljubljana, Bern, Luxembourg, Monaco, Vaduz, San Marino
80%
1 - Jakarta
80%
1 - Mumbai
80%
1 - Perth
80%
2 - Bangkok, Phnom Penh
80%
2 - Nairobi, Kampala
80%
2 - Riyadh, Doha
80%
2 - Wellington, Waitangi
80%
3 - Bangkok, Naypyidaw, Vientiane
80%
5 - Amman, Damascus, Beirut, Jerusalem, Nicosia
80%
5 - Dakar, Conakry, Freetown, Bissau, Banjul
80%
Amman
80%
Bangkok
80%
Banjul
80%
Beirut
80%
Bern
80%
Bissau
80%
Bunbury
80%
Conakry
80%
Damascus
80%
Esperance
80%
Freetown
80%
Geraldton
80%
Jakarta
80%
Jerusalem
80%
Kalgoorlie
80%
Ljubljana
80%
Milan
80%
Monaco
80%
Mumbai
80%
Nairobi
80%
Nicosia
80%
Perth
80%
Riyadh
80%
San Marino
80%
Serang
80%
Surabaya
80%
Vaduz
80%
Vientiane
80%
Waitangi
80%
Yangon
80%
1 - Manila
79%
1 - Santiago
79%
1 - Shanghai
79%
1 - Singapore
79%
1 - Wellington
79%
2 - Boston, Halifax
79%
2 - Guangzhou, Hanoi
79%
2 - Port-au-Prince, Kingston
79%
2 - Taipei, Naha
79%
2 - Vancouver, Prince George
79%
4 - San José, San Salvador, Managua, Tegucigalpa
79%
5 - Guatemala City, San Salvador, Managua, Tegucigalpa, Belmopan
79%
9 - Budapest, Vienna, Belgrade, Zagreb, Sarajevo, Pristina, Bratislava, Ljubljana, Podgorica
79%
Belgrade
79%
Belmopan
79%
Bengkulu
79%
Bratislava
79%
Budapest
79%
Concepción
79%
Dunedin
79%
Grande Prairie
79%
Guatemala City
79%
Haikou
79%
Hanoi
79%
Kagoshima-shi
79%
Kingston
79%
Kuching
79%
Managua
79%
Manila
79%
Naha
79%
Naze
79%
Neuquen
79%
Prince George
79%
Saguenay
79%
San José
79%
San Salvador
79%
Santiago
79%
Sarajevo
79%
Singapore
79%
Tegucigalpa
79%
Vienna
79%
Wellington
79%
Zagreb
79%
Zhumadian
79%
1 - Auckland
78%
1 - Bogotá
78%
1 - Caracas
78%
1 - Denver
78%
1 - Sana'a
78%
1 - San Francisco
78%
2 - Dhaka, Naypyidaw
78%
2 - Karachi, Muscat
78%
3 - Baku, Yerevan, Tbilisi
78%
7 - Ciudad Guayana, Georgetown, Bridgetown, Port-of-Spain, Kingstown, Castries, Saint George's
78%
Al Mukalla
78%
Auckland
78%
Baku
78%
Bridgetown
78%
Caracas
78%
Ciudad Guayana
78%
Denver
78%
Dhaka
78%
Karachi
78%
Kingstown
78%
Kolkata
78%
Maracaibo
78%
Port-of-Spain
78%
Saint George's
78%
Sana'a
78%
San Francisco
78%
Tbilisi
78%
Yerevan
78%
1 - Atlanta
77%
1 - São Paulo
77%
2 - Addis Ababa, Djibouti
77%
2 - Amman, Jerusalem
77%
2 - Glasgow, Torshavn
77%
2 - La Paz, Sucre
77%
3 - Dakar, Nouakchott, Banjul
77%
3 - Lahore, Rawalpindi, Kabul
77%
Addis Ababa
77%
Atlanta
77%
Camana
77%
Dakar
77%
Glasgow
77%
Kabul
77%
La Paz
77%
Nouakchott
77%
Rawalpindi
77%
Rio de Janeiro
77%
São Paulo
77%
Sucre
77%
1 - Anchorage
76%
2 - Addis Ababa, Juba
76%
2 - Baku, Ashgabat
76%
2 - Dar es Salaam, Dodoma
76%
2 - Guayaquil, Quito
76%
2 - Khartoum, Asmara
76%
2 - Los Mochis, La Paz
76%
3 - Alexandria, Nicosia, Tobruk
76%
3 - Santo Domingo, Port-au-Prince, Basseterre
76%
4 - Ciudad Guayana, Boa Vista, Georgetown, Paramaribo
76%
7 - San Juan, Bridgetown, Kingstown, Saint John's, Castries, Roseau, Basseterre
76%
Anchorage
76%
Ashgabat
76%
Asmara
76%
Basseterre
76%
Boa Vista
76%
Castries
76%
Dar es Salaam
76%
Deltana
76%
Dodoma
76%
Georgetown
76%
Guayaquil
76%
Kodiak
76%
La Paz
76%
Manta
76%
Port-au-Prince
76%
Quito
76%
Roseau
76%
Saint John's
76%
San Juan
76%
Santo Domingo
76%
1 - Adelaide
75%
1 - Ankara
75%
1 - La Paz
75%
2 - Ho Chi Minh City, Phnom Penh
75%
2 - Kolkata, Nagpur
75%
2 - Windhoek, Gaborone
75%
3 - Tashkent, Bishkek, Dushanbe
75%
Adelaide
75%
Almaty
75%
Bishkek
75%
Dushanbe
75%
Ho Chi Minh City
75%
Nagpur
75%
Phnom Penh
75%
Tashkent
75%
Windhoek
75%
2 - Bangalore, Colombo
74%
2 - Djibouti, Al Mukalla
74%
2 - Tashkent, Dushanbe
74%
3 - Kano, Abuja, N'Djamena
74%
3 - Kunming, Hanoi, Naypyidaw
74%
4 - Durban, Port Elizabeth, Bloemfontein, Maseru
74%
Abuja
74%
Bloemfontein
74%
Bosaso
74%
Chennai
74%
Djibouti
74%
Durban
74%
Kano
74%
Katsina
74%
Kunming
74%
Maseru
74%
Naypyidaw
74%
N'Djamena
74%
Port Elizabeth
74%
1 - Khartoum
73%
1 - Mogadishu
73%
1 - Ulaanbaatar
73%
1 - Windhoek
73%
2 - Chennai, Hyderabad
73%
2 - Kabul, Mashhad
73%
2 - Lusaka, Harare
73%
2 - Minneapolis, Winnipeg
73%
2 - Omsk, Astana
73%
Astana
73%
Harare
73%
Hyderabad
73%
Khartoum
73%
Minneapolis
73%
Mogadishu
73%
Omsk
73%
Oshakati
73%
Saynshand
73%
Ulaanbaatar
73%
1 - Nuuk
72%
1 - Port Moresby
72%
2 - Freetown, Monrovia
72%
Lae
72%
Nuuk
72%
Port Moresby
72%
Sisimiut
72%
1 - Brisbane
71%
1 - Colombo
71%
1 - Karachi
71%
1 - Male
71%
2 - Almaty, Bishkek
71%
2 - Lusaka, Lilongwe
71%
Brisbane
71%
Colombo
71%
Lubumbashi
71%
Lusaka
71%
Male
71%
Roma
71%
1 - Maputo
70%
1 - Victoria
70%
2 - Kathmandu, Thimphu
70%
2 - Suva, Nuku'alofa
70%
4 - Kampala, Kigali, Kisangani, Bujumbura
70%
Bujumbura
70%
Kampala
70%
Kigali
70%
Kisangani
70%
Lambasa
70%
Nagqu
70%
Suva
70%
Thimphu
70%
Victoria
70%
1 - Antananarivo
69%
1 - Calgary
69%
1 - Darwin
69%
1 - Honolulu
69%
2 - Guadalajara, Monterrey
69%
Antananarivo
69%
Calgary
69%
Fianarantsoa
69%
Guadalajara
69%
Hilo
69%
Honolulu
69%
Toamasina
69%
2 - Montevideo, Mar del Plata
68%
3 - Abidjan, Monrovia, Yamoussoukro
68%
3 - Santa Cruz, Campo Grande, Sucre
68%
3 - Yaoundé, Libreville, Malabo
68%
Abidjan
68%
Malabo
68%
Monrovia
68%
Santa Cruz
68%
Yamoussoukro
68%
Yaoundé
68%
1 - Asunción
67%
1 - Georgetown
67%
1 - Juba
67%
1 - Juneau
67%
1 - Salt Lake City
67%
2 - Tampa, New Orleans
67%
2 - Toamasina, Port Louis
67%
3 - Bamako, Ouagadougou, Yamoussoukro
67%
Asunción
67%
Bamako
67%
Georgetown
67%
Juba
67%
Juneau
67%
New Orleans
67%
Port Louis
67%
Saint-Denis
67%
Salt Lake City
67%
Tampa
67%
1 - N'Djamena
65%
1 - Praia
65%
2 - Xi'an, Zhumadian
65%
Geneina
65%
Praia
65%
Tianshui
65%
Xi'an
65%
1 - Bamako
64%
1 - Guadalajara
64%
1 - Kingston
64%
1 - Manaus
64%
1 - Saint John's
64%
1 - Santo Domingo
64%
2 - Tarawa, Yaren
64%
3 - Ambon, Kupang, Dili
64%
Arijejen
64%
Bonavista
64%
Dili
64%
Kingston
64%
Kupang
64%
Manaus
64%
Porto Velho
64%
Saint John's
64%
Tarawa
64%
Yaren
64%
1 - Almaty
63%
1 - Bangalore
63%
1 - Edinburgh of the Seven Seas
63%
1 - Niamey
63%
1 - Sao Tome
63%
1 - Yangon
63%
2 - Noumea, Port Vila
63%
2 - Tarawa, Majuro
63%
Bangalore
63%
Edinburgh of the Seven Seas
63%
Majuro
63%
Noumea
63%
Port Vila
63%
1 - Salvador
62%
1 - Apia
61%
1 - Bangui
61%
1 - Sapporo
61%
1 - Winnipeg
61%
2 - Lilongwe, Moroni
61%
Apia
61%
Bangui
61%
Blantyre
61%
Kuril'sk
61%
Lilongwe
61%
Nacala
61%
Nampula
61%
Sapporo
61%
Sendai
61%
Sovetskaya Gavan'
61%
Winnipeg
61%
1 - Paramaribo
60%
Paramaribo
60%
1 - Alice Springs
59%
1 - Funafuti
59%
1 - Halifax
59%
1 - Hobart
59%
1 - Honiara
59%
1 - Monterrey
59%
Alice Springs
59%
Corner Brook
59%
Funafuti
59%
Halifax
59%
Hobart
59%
Honiara
59%
Lata
59%
Los Mochis
59%
Monterrey
59%
Tanrake Village
59%
1 - Jeddah
58%
1 - Recife
58%
2 - Fortaleza, Belém
58%
2 - Surabaya, Makassar
58%
3 - Haikou, Da Nang, Vientiane
58%
Da Nang
58%
Fortaleza
58%
Jeddah
58%
Makassar
58%
Recife
58%
Waingapu
58%
1 - Majuro
57%
1 - Saint Louis
57%
1 - Ürümqi
57%
2 - Omsk, Surgut
57%
Altay
57%
Ebaye
57%
Surgut
57%
Ürümqi
57%
1 - Chengdu
56%
2 - Arijejen, Yaren
56%
2 - Luxor, Al Jawf
56%
Chengdu
56%
3 - Nacala, Antsiranana, Moroni
55%
Antsiranana
55%
Moroni
55%
1 - Nuku'alofa
54%
1 - Port Elizabeth
54%
2 - Milwaukee, Thunder Bay
54%
2 - Tofol, Palikir
54%
2 - Weno, Palikir
54%
3 - Lubumbashi, Mbuji-Mayi, Bujumbura
54%
Kolonia
54%
Nuku'alofa
54%
Palikir
54%
Thunder Bay
54%
Tofol
54%
Weno
54%
2 - Tampere, Oulu
53%
1 - Fortaleza
52%
1 - Novosibirsk
52%
1 - Saint George's
52%
1 - Yekaterinburg
52%
Novosibirsk
52%
Saint George's
52%
Yekaterinburg
52%
2 - Fort McMurray, Yellowknife
51%
2 - Nizhny Novgorod, Samara
51%
2 - Regina, Billings
51%
Billings
51%
Fort McMurray
51%
Samara
51%
1 - Belém
50%
1 - Yellowknife
50%
2 - Bilbao, Nantes
50%
2 - Koror State, Melekeok
50%
Belém
50%
Colonia
50%
Koror State
50%
Melekeok
50%
Yellowknife
50%
1 - Cebu
49%
Cebu
49%
1 - Benghazi
48%
1 - Dunedin
48%
1 - Murmansk
48%
1 - Nizhny Novgorod
48%
Murmansk
48%
Nizhny Novgorod
48%
1 - Faaa
47%
1 - Hilo
47%
1 - Irkutsk
47%
1 - Thunder Bay
47%
Faaa
47%
Irkutsk
47%
1 - Harbin
46%
1 - Makassar
46%
1 - Trondheim
46%
2 - Comodoro Rivadavia, Punta Arenas
46%
2 - Kuching, Bandar Seri Begawan
46%
Bei'an
46%
Bodo
46%
Harbin
46%
Hegang
46%
Puerto Deseado
46%
Puerto Natales
46%
Qiqihar
46%
Trondheim
46%
1 - Oulu
45%
1 - Porto Alegre
45%
1 - Tromso
45%
2 - Puerto Deseado, Stanley
45%
2 - Spokane, Billings
45%
Oulu
45%
Porto Alegre
45%
Spokane
45%
Stanley
45%
Tromso
45%
2 - Kodiak, Bethel
44%
Bethel
44%
1 - Las Palmas de Gran Canaria
43%
1 - Stanley
43%
1 - Volgograd
43%
2 - Mexicali, Hermosillo
43%
2 - Saguenay, Labrador City
43%
Hermosillo
43%
Labrador City
43%
Las Palmas de Gran Canaria
43%
Los Llanos de Aridane
43%
Volgograd
43%
1 - Kharkiv
42%
1 - Nome
42%
2 - Davao, Manado
42%
2 - Geraldton, Carnarvon
42%
Carnarvon
42%
Davao
42%
Kotzebue
42%
Nome
42%
1 - Funchal
40%
1 - Kalgoorlie
40%
1 - Samara
40%
1 - Yakutsk
40%
2 - Neuquen, Comodoro Rivadavia
40%
2 - Newcastle, Lerwick
40%
Aqtobe
40%
Comodoro Rivadavia
40%
Funchal
40%
Lerwick
40%
Neryungri
40%
Puerto Montt
40%
Trelew
40%
Yakutsk
40%
1 - Arkhangel'sk
39%
1 - Barrow
39%
1 - Ciudad Juárez
39%
1 - Hanga Roa
39%
1 - Longyearbyen
39%
1 - McMurdo Station
39%
1 - Noumea
39%
1 - Punta Arenas
39%
1 - Saskatoon
39%
1 - Townsville
39%
2 - Lanzhou, Tianshui
39%
Arkhangel'sk
39%
Barrow
39%
Ciudad Juárez
39%
Flin Flon
39%
Hanga Roa
39%
Lanzhou
39%
La Ronge
39%
Longyearbyen
39%
McMurdo Station
39%
Moranbah
39%
Punta Arenas
39%
Regina
39%
Saskatoon
39%
Syktyvkar
39%
Townsville
39%
Xining
39%
1 - Carnarvon
38%
1 - Concepción
38%
1 - Puerto Montt
38%
1 - Saint-Denis
38%
1 - Tralee
38%
1 - Waitangi
38%
2 - Bunbury, Esperance
38%
2 - Manta, Puerto Ayora
38%
Puerto Ayora
38%
1 - Bethel
37%
1 - Bodo
37%
1 - Puerto Ayora
37%
2 - Corner Brook, Happy Valley-Goose Bay
37%
Happy Valley-Goose Bay
37%
1 - Krasnoyarsk
36%
1 - Port-aux-Francais
36%
1 - Sendai
36%
1 - Trelew
36%
1 - Val-d'Or
36%
2 - Deltana, Dawson City
36%
2 - Khabarovsk, Nikolayevsk-on-Amur
36%
2 - Lae, Arawa
36%
Alotau
36%
Arawa
36%
Chumikan
36%
Dawson City
36%
Krasnoyarsk
36%
Port-aux-Francais
36%
Severo-Yeniseyskiy
36%
1 - Jamestown
35%
1 - Peniche
35%
1 - Puerto Natales
35%
1 - Torshavn
35%
2 - Ebaye, Kolonia
35%
2 - Fianarantsoa, Toliara
35%
2 - Moranbah, Roma
35%
2 - Namibe, Oshakati
35%
2 - Serang, Bengkulu
35%
2 - Tarhuna, Sabha
35%
2 - Xining, Hovd
35%
Jamestown
35%
Sabha
35%
Toliara
35%
Torshavn
35%
1 - Bosaso
34%
1 - Iqaluit
34%
1 - Kupang
34%
1 - Nagqu
34%
1 - Petropavlovsk-Kamchatsky
34%
1 - Surgut
34%
2 - Geneina, Fada
34%
2 - Pucallpa, Porto Velho
34%
2 - Tamworth, Mildura
34%
Darwin
34%
Fada
34%
Iqaluit
34%
Mildura
34%
Novyy Urengoy
34%
Pangnirtung
34%
Petropavlovsk-Kamchatsky
34%
Yar-Sale
34%
1 - Camana
33%
1 - Sisimiut
33%
1 - Waingapu
33%
2 - Bechar, Timimoun
33%
2 - Grande Prairie, Fort Nelson
33%
2 - Hegang, Khabarovsk
33%
3 - Zamboanga, Kota Kinabalu, Bandar Seri Begawan
33%
Bandar Seri Begawan
33%
Fort Nelson
33%
Khabarovsk
33%
Kota Kinabalu
33%
Timimoun
33%
Zamboanga
33%
1 - Alotau
32%
1 - Antsiranana
32%
1 - Bonavista
32%
1 - Kuril'sk
32%
1 - Ponta Delgada
32%
1 - Saipan
32%
2 - Blantyre, Nampula
32%
2 - Lambasa, Mata-Utu
32%
2 - Linhares, Nova Vicosa
32%
2 - Luganville, Lata
32%
2 - Taiyuan, Saynshand
32%
Luganville
32%
Mata-Utu
32%
Ponta Delgada
32%
Saipan
32%
Taiyuan
32%
1 - Agadir
31%
1 - Broome
31%
1 - Grytviken
31%
2 - Katsina, Bilma
31%
2 - Shihezi, Altay
31%
Agadir
31%
Bilma
31%
Broome
31%
Grytviken
31%
Shihezi
31%
1 - Anadyr
30%
1 - Noril'sk
30%
2 - Bei'an, Neryungri
30%
2 - Dededo Village, Colonia
30%
2 - Kagoshima-shi, Naze
30%
2 - Sovetskaya Gavan', Nikolayevsk-on-Amur
30%
Anadyr
30%
Dededo Village
30%
Egvekinot
30%
Nikolayevsk-on-Amur
30%
Noril'sk
30%
1 - Avarua
29%
1 - Dutch Harbor
29%
1 - Iquitos
29%
1 - Jayapura
29%
1 - Kotzebue
29%
1 - Magadan
29%
1 - Novyy Urengoy
29%
1 - Tanrake Village
29%
1 - West Island
29%
2 - Churapcha, Chumikan
29%
2 - Qiqihar, Hailar
29%
2 - Yar-Sale, Mys-Kamennyy
29%
Avarua
29%
Dutch Harbor
29%
Hailar
29%
Iquitos
29%
Jayapura
29%
Magadan
29%
Mys-Kamennyy
29%
Nabire
29%
West Island
29%
1 - Rankin Inlet
28%
2 - San Miguel de Tucuman, Antofagasta
28%
Antofagasta
28%
Rankin Inlet
28%
San Miguel de Tucuman
28%
1 - Rikitea
27%
1 - Tabwakea Village
27%
2 - Aqtobe, Aktau
27%
Aktau
27%
Rikitea
27%
Tabwakea Village
27%
1 - Banda Aceh
26%
1 - Flying Fish Cove
26%
1 - Gjoa Haven
26%
1 - Olonkinbyen
26%
1 - Pangnirtung
26%
1 - Port Hedland
26%
1 - Port Mathurin
26%
2 - Manado, Ambon
26%
Ambon
26%
Banda Aceh
26%
Flying Fish Cove
26%
Gjoa Haven
26%
Manado
26%
Olonkinbyen
26%
Port Hedland
26%
Port Mathurin
26%
1 - Atuona
25%
Atuona
25%
1 - Al Jawf
24%
1 - Dikson
24%
1 - Los Llanos de Aridane
24%
1 - Norman Wells
24%
1 - Salalah
24%
1 - Sand Point
24%
1 - Tiksi
24%
1 - Vorkuta
24%
2 - Flin Flon, La Ronge
24%
Al Jawf
24%
Dikson
24%
Salalah
24%
Sand Point
24%
Tiksi
24%
Vorkuta
24%
1 - Bilibino
23%
1 - Clyde River
23%
1 - Inuvik
23%
1 - Mirny
23%
1 - Port Blair
23%
1 - Syktyvkar
23%
Bilibino
23%
Cherskiy
23%
Clyde River
23%
Inuvik
23%
Mirny
23%
Norman Wells
23%
Port Blair
23%
1 - Moerai
22%
2 - Imperatriz, Palmas
22%
2 - Nabire, Tual
22%
Imperatriz
22%
Moerai
22%
Palmas
22%
Tual
22%
1 - Alesund
21%
1 - Chita
21%
1 - Tasiilaq
21%
1 - Thompson
21%
2 - Walvis Bay, Luderitz
21%
Alesund
21%
Chita
21%
Luderitz
21%
Tasiilaq
21%
Thompson
21%
Walvis Bay
21%
1 - Kugluktuk
20%
1 - Qaqortoq
20%
1 - Upernavik
20%
2 - Igarka, Severo-Yeniseyskiy
20%
2 - Susuman, Omsukchan
20%
Igarka
20%
Kugluktuk
20%
Omsukchan
20%
Qaqortoq
20%
Srednekolymsk
20%
Upernavik
20%
1 - Cherskiy
18%
1 - Egvekinot
18%
1 - Trujillo
18%
1 - Tura
18%
1 - Ust-Nera
18%
Paita
18%
Pucallpa
18%
Susuman
18%
Trujillo
18%
Tura
18%
Ust-Nera
18%
1 - Cuiaba
17%
2 - Srednekolymsk, Chokurdakh
17%
Cuiaba
17%
1 - Tamanrasset
16%
2 - Chelyabinsk, Arkalyk
16%
Arkalyk
16%
Chelyabinsk
16%
Tamanrasset
16%
1 - Batagay
15%
1 - Terrace
15%
2 - Churapcha, Batagay
15%
Batagay
15%
Churapcha
15%
Terrace
15%
1 - Paita
14%
2 - Olenyok, Saskylakh
14%
Saskylakh
14%
1 - Dakhla
13%
1 - Khatanga
13%
1 - Klyuchi
13%
1 - Okhotsk
13%
2 - El Obeid, El Daein
13%
2 - Zouerat, Taoudenni
13%
Dakhla
13%
El Daein
13%
El Obeid
13%
Khatanga
13%
Klyuchi
13%
Okhotsk
13%
Olenyok
13%
Taoudenni
13%
Tilichiki
13%
Zouerat
13%
1 - Bratsk
12%
1 - Huambo
12%
1 - Kokopo
12%
2 - Erdenet, Hovd
12%
2 - Huambo, Mongu
12%
Bratsk
12%
Erdenet
12%
Hovd
12%
Huambo
12%
Kokopo
12%
Mongu
12%
Namibe
12%
Ust'-Ilimsk
12%
1 - Tilichiki
11%
2 - Deputatsky, Chokurdakh
11%
2 - Ust'-Ilimsk, Bodaybo
11%
Chokurdakh
11%
Deputatsky
11%
1 - Atafu Village
10%
1 - Provideniya
10%
Atafu Village
10%
Provideniya
10%
1 - Fuvahmulah
9%
Fuvahmulah
9%
2 - Lensk, Bodaybo
8%
Bodaybo
8%
Lensk
8%
1 - Kyzylorda
7%
Kyzylorda
7%
1 - Nar'yan-Mar
6%
Nar'yan-Mar
6%
1 - Nuiqsut
5%
Nuiqsut
5%
1 - Hotan
4%
Hotan
4%
1 - Weno
3%

Score Distribution

Percentile by Number Answered

Percent of People with Each Score

Your Score History

You have not taken this quiz